The global coastal ocean. Multiscale interdisciplinary process.
I tiakina i:
| Ētahi atu kaituhi: | |
|---|---|
| Hōputu: | Tē mōhiotia |
| Reo: | Ingarihi |
| I whakaputaina: |
Cambridge,MA., USA
Harvard University Press
2005
|
| Rangatū: | The sea. Ideas and observations on progress in the study of the seas.
v.8 |
| Ngā marau: | |
| Ngā Tūtohu: |
Tāpirihia he Tūtohu
Kāore He Tūtohu, Me noho koe te mea tuatahi ki te tūtohu i tēnei pūkete!
|
MARC
| LEADER | 00000 a2200000 4500 | ||
|---|---|---|---|
| 003 | CL-VaPUC | ||
| 005 | 20210827120409.0 | ||
| 008 | 210513b ||||| |||| 00| 0 eng d | ||
| 999 | |c 432954 |d 432952 | ||
| 020 | |a 9780674017375 | ||
| 040 | |c Pontificia Universidad Católica de Valparaíso | ||
| 082 | |a 551.46 ROW 2005 | ||
| 100 | 1 | |a Rowe, Gilbert T. |9 860888 |e editor | |
| 245 | 1 | 4 | |a The global coastal ocean. |b Multiscale interdisciplinary process. |
| 260 | |a Cambridge,MA., USA |b Harvard University Press |c 2005 | ||
| 300 | |a 560 páginas | ||
| 490 | |a The sea. Ideas and observations on progress in the study of the seas. |v v.8 | ||
| 505 | |a v.8. Deep-Sea Biology. | ||
| 583 | |k Cristina Rojas |c 20210513 | ||
| 650 | 0 | |a Oceanografía |9 260014 | |
| 650 | 0 | |a Sedimentos marinos |9 260001 | |
| 650 | 0 | |a Ecología costera |9 261337 | |
| 650 | 0 | |a Aguas profundas |x Biología |9 862364 | |
| 942 | |2 ddc |c BK | ||
| 952 | |0 0 |1 0 |2 ddc |4 0 |6 551_460000000000000_ROW_2005 |7 0 |8 A |9 578528 |a BIBCUR |b BIBCUR |d 2021-07-30 |e 79 |g 137174.04 |h v.8 |i 5586984 |o 551.46 ROW 2005 |p 5586984 |r 2025-04-22 |t 1 |v 137174.04 |w 2021-07-30 |y BK |k CIM | ||